000 00903cab a2200265 4500
001 E1279
008 090401t1990 xxu||||| |||| 00| 0 eng d
035 _a(Sirsi) u32044
041 _aeng
245 _aLivingstone v Nelson
260 _c1990
300 _a10p.
350 _a0
490 _aSLC
_v1990 R 64
520 _aCroft - Acquisition by crofter - Valuation of fixed equipment provided by landlord - Duration of shooting lease - Appeal by landlord Respondent - Sections 2(3) and 4(2) of the Crofting Reform (Scotland) Act 1976.
650 _aCROFTING REFORM (SCOTLAND) ACT 1976
650 _aREGISTRATION OF LEASES (SCOTLAND) ACT 1857
650 _aSCOTLAND
650 _aSCOTTISH LAND COURT
650 _aTOWN AND COUNTRY PLANNING (SCOTLAND) ACT 1972
690 _aLANDLORD AND TENANT-AGRICULTURAL TENANCIES
690 _aRURAL PRACTICE
942 _n0
948 _c04/03/1997
999 _c21505
_d21505